Break these chains : (Record no. 339938)
[ view plain ]
| 000 -LEADER | |
|---|---|
| fixed length control field | 00842nam a2200313Ia 4500 |
| 008 - FIXED-LENGTH DATA ELEMENTS--GENERAL INFORMATION | |
| fixed length control field | 170711s9999 xx 000 0 und d |
| 020 ## - INTERNATIONAL STANDARD BOOK NUMBER | |
| International Standard Book Number | 761505075 |
| 050 ## - LIBRARY OF CONGRESS CALL NUMBER | |
| Classification number | 379.1 |
| 050 ## - LIBRARY OF CONGRESS CALL NUMBER | |
| Item number | M478 1996 |
| 100 ## - MAIN ENTRY--PERSONAL NAME | |
| Personal name | McGroarty, Daniel |
| 245 ## - TITLE STATEMENT | |
| Title | Break these chains : |
| 245 ## - TITLE STATEMENT | |
| Remainder of title | the battle for school choice / |
| 245 ## - TITLE STATEMENT | |
| Statement of responsibility, etc | Daniel McGroarty. |
| 260 ## - PUBLICATION, DISTRIBUTION, ETC. (IMPRINT) | |
| Place of publication, distribution, etc | USA : |
| 260 ## - PUBLICATION, DISTRIBUTION, ETC. (IMPRINT) | |
| Name of publisher, distributor, etc | Forum, |
| 260 ## - PUBLICATION, DISTRIBUTION, ETC. (IMPRINT) | |
| Date of publication, distribution, etc | 1996 |
| 300 ## - PHYSICAL DESCRIPTION | |
| Extent | xxi, 258 pages : |
| 300 ## - PHYSICAL DESCRIPTION | |
| Other physical details | illustrations ; |
| 300 ## - PHYSICAL DESCRIPTION | |
| Dimensions | 23cm. |
| 500 ## - GENERAL NOTE | |
| General note | Includes notes, bibliographic reference and index. |
| 650 ## - SUBJECT ADDED ENTRY--TOPICAL TERM | |
| Topical term or geographic name as entry element | Educational vouchers -- |
| 650 ## - SUBJECT ADDED ENTRY--TOPICAL TERM | |
| Topical term or geographic name as entry element | Educational vouchers. |
| 650 ## - SUBJECT ADDED ENTRY--TOPICAL TERM | |
| Topical term or geographic name as entry element | School choice -- |
| 650 ## - SUBJECT ADDED ENTRY--TOPICAL TERM | |
| Topical term or geographic name as entry element | School choice -- |
| 650 ## - SUBJECT ADDED ENTRY--TOPICAL TERM | |
| General subdivision | United States -- Case studies. |
| 650 ## - SUBJECT ADDED ENTRY--TOPICAL TERM | |
| General subdivision | United States. |
| 650 ## - SUBJECT ADDED ENTRY--TOPICAL TERM | |
| General subdivision | Wisconsin -- Milwaukee. |
| 700 ## - ADDED ENTRY--PERSONAL NAME | |
| Personal name | Title. |
No items available.